Professional presentations : A video-based course
Contents: Performing the presentation (13 min.) -- A bad dream : how not to do it! (6 min.) -- The new product line (9 min.) -- An interview about presentations (6 min.).
שמור ב:
| מחבר ראשי: | |
|---|---|
| פורמט: | ספר |
| שפה: | Undetermined |
| יצא לאור: |
Cambridge
Cambridge University Press
1998
|
| נושאים: | |
| תגים: |
הוספת תג
אין תגיות, היה/י הראשונ/ה לתייג את הרשומה!
|
| Thư viện lưu trữ: | Trung tâm Học liệu Trường Đại học Cần Thơ |
|---|
| LEADER | 00826nam a2200229Ia 4500 | ||
|---|---|---|---|
| 001 | CTU_153211 | ||
| 008 | 210402s9999 xx 000 0 und d | ||
| 020 | |c 107.67 | ||
| 082 | |a 650.1 | ||
| 082 | |b G646 | ||
| 100 | |a Goodale, Malcolm | ||
| 245 | 0 | |a Professional presentations : | |
| 245 | 2 | |b A video-based course | |
| 245 | 0 | |c Malcolm Goodale | |
| 260 | |a Cambridge | ||
| 260 | |b Cambridge University Press | ||
| 260 | |c 1998 | ||
| 520 | |a Contents: Performing the presentation (13 min.) -- A bad dream : how not to do it! (6 min.) -- The new product line (9 min.) -- An interview about presentations (6 min.). | ||
| 650 | |a Business presentations,Success in business,Success in business,English language | ||
| 650 | |x Business English | ||
| 904 | |i Giang | ||
| 980 | |a Trung tâm Học liệu Trường Đại học Cần Thơ | ||